000 00636nam a2200205Ia 4500
003 GCL
005 20240530102513.0
008 140319s9999 xx 000 0 ara d
040 _aGCL /
_cGCL
082 0 4 _a453.1
_bط/م ق
100 1 _aمكتبة لبنان
245 1 0 _aقاموس الالفبائى الاول عربى ايطالى /
_cمكتبة لبنان
260 _a[S.N] :
_bمكتبة لبنان
490 _aقاموس الالفبائى الاول
_v0
650 0 4 _aالاطفال
650 0 4 _aاللغات
650 0 4 _aاللغة العربية
650 0 4 _aاللغة الايطالية
942 _2ddc
_cBK
999 _c32744
_d32744